Africa's population challenge: accelerating Progress in Reproductive health (Record no. 3910)
[ view plain ]
| 000 -LEADER | |
|---|---|
| fixed length control field | 00400nam a22001337a 4500 |
| 008 - FIXED-LENGTH DATA ELEMENTS--GENERAL INFORMATION | |
| fixed length control field | 230704b xxu||||| |||| 00| 0 eng d |
| 082 ## - DEWEY DECIMAL CLASSIFICATION NUMBER | |
| Classification number | 363.9 |
| Item number | ROS |
| 100 ## - MAIN ENTRY--PERSONAL NAME | |
| Titles and words associated with a name | James E rosen |
| 245 ## - TITLE STATEMENT | |
| Title | Africa's population challenge: accelerating Progress in Reproductive health |
| 260 ## - PUBLICATION, DISTRIBUTION, ETC. (IMPRINT) | |
| Place of publication, distribution, etc. | Washington DC |
| Name of publisher, distributor, etc. | Population Action International |
| Date of publication, distribution, etc. | 1998 |
| 300 ## - PHYSICAL DESCRIPTION | |
| Extent | 82p |
| 700 ## - ADDED ENTRY--PERSONAL NAME | |
| Titles and other words associated with a name | Shanti R. Conly |
| 942 ## - ADDED ENTRY ELEMENTS (KOHA) | |
| Source of classification or shelving scheme | Dewey Decimal Classification |
| Koha item type | Books |
| Withdrawn status | Lost status | Source of classification or shelving scheme | Damaged status | Not for loan | Home library | Current library | Date acquired | Total Checkouts | Full call number | Barcode | Date last seen | Price effective from | Koha item type |
|---|---|---|---|---|---|---|---|---|---|---|---|---|---|
| Dewey Decimal Classification | County Hall Archives | County Hall Archives | 07/04/2023 | 363.9 ROS | 10010604 | 07/04/2023 | 07/04/2023 | Books |
